Analýza vlastného imania v podnikateľskej účtovnej jednotke diplomová práca

Guardado en:
Detalles Bibliográficos
Autor principal: Hořáková, Lenka
Autor Corporativo: Fakulta hospodárskej informatiky EU. Katedra účtovníctva a audítorstva
Otros Autores: Szászová, Renáta
Formato: Libro
Lenguaje:eslovaco
Publicado: Bratislava 2012
Etiquetas: Agregar Etiqueta
Sin Etiquetas, Sea el primero en etiquetar este registro!

MARC

LEADER 00000nbm a2200000 4500
001 0154813
005 20161109102146.3
041 0 |a slo 
044 |a SK 
245 1 0 |a Analýza vlastného imania v podnikateľskej účtovnej jednotke  |b diplomová práca  |c Lenka Hořáková ; školiteľ: Renáta Szászová 
264 1 |a Bratislava  |c 2012 
300 |a 78 s. 
100 1 |a Hořáková, Lenka 
700 1 |a Szászová, Renáta 
710 2 |a Fakulta hospodárskej informatiky EU. Katedra účtovníctva a audítorstva